00524nam a2200193 a 4500001001300000003000900013005001700022008004100039020002300080082001600103100001900119245005500138260003700193300000900230500003500239505002400274650001300298700001900311nice12345678IN_TiNIC20260116013716.0050524s1995 newa grp 000 0 eng  a8185990 c10000a294.54bSHA aSharan, Ishwar aMyth of Saint Thomas and the Mylapore Shiva Temple aNew DelhibVoice of India c1995 a290p aincludes index and biblioraphy2 aBibliography, Index aShivaism1 aSharan, Ishwar